[Event "Constantine Cirta op"]
[Site "Constantine"]
[Date "2017.10.21"]
[Round "4"]
[White "Hashlmoun, Amjad"]
[Black "Benelouzzane, Mourad"]
[Result "1/2-1/2"]
[WhiteElo "1886"]
[BlackElo "1891"]
[PlyCount "31"]
[EventDate "2017.10.19"]
[EventType "swiss"]
[EventRounds "5"]
[EventCountry "ALG"]
[SourceTitle "CBM 181 Extra"]
[Source "ChessBase"]
[SourceDate "2017.12.12"]
[SourceVersion "1"]
[SourceVersionDate "2017.12.12"]
[SourceQuality "1"]

1. e4 Nc6 2. Nf3 e5 3. Bb5 a6 4. Ba4 Nf6 5. 0-0 b5 6. Bb3 Be7 7. Re1 d6 8. c3 0-0 9. h3 Nb8 10. d4 Nbd7 11. a4 Rb8 12. axb5 axb5 13. Na3 c5 14. Qe2 b4 15. Nb5 bxc3 16. bxc3 1/2-1/2